| 000 | 01495nam a2200265 a 4500 | ||
|---|---|---|---|
| 001 | 000041743 | ||
| 005 | 20201002035729.0 | ||
| 008 | 130920s1990 sp 001 0 spa d | ||
| 020 | _a8485861108 | ||
| 040 |
_aDO-SdBNP _bspa _cBNPHU |
||
| 082 |
_a322.1 _bG216m |
||
| 100 | 1 |
_aGarcía Añoveros, Jesús María _915700 |
|
| 245 | 1 | 3 |
_aLa monarquía y la iglesia en América / _cJesus María García Añoveros. |
| 260 |
_aValencia, España : _bAsociación Francisco López de Gomara, _c1990. |
||
| 300 |
_a301 p. ; _c24 cm. |
||
| 490 | 1 |
_aLa Corona y los Pueblos Americanos _v6 |
|
| 504 | _aBibliografía: p. 295-301. | ||
| 505 | 0 |
_gIntroducción -- _tPresencia asociada de la iglesia y la monarquia hispanas en América -- _tEl dominio de la corona de Castilla y León en las Indias -- _tLa licitud de la conquista de las Indias -- _tLa monarquía y el gobierno espiritual de las Indias -- _tLa monarquía y la organización de la iglesia indiana -- _tLa monarquía y la evangelización de las Indias -- _tProceder de la monarquía y de la iglesia en el trato a los indígenas -- _tEl gobierno espiritual de las Indias y la independencia -- _gBibliografía. |
|
| 650 | 4 |
_aIglesia y estado en américa latina _xHistoria _y1492-1830 _968589 |
|
| 651 | 4 |
_aAmérica Latina _xHistoria Eclesiástica _y1400-1800 _968590 |
|
| 650 | 4 |
_aMonarquía española _xHistoria _y1400-1800 _967703 |
|
| 830 | 0 |
_aLa Corona y los Pueblos Americanos _n6 _968591 |
|
| 910 | _aValidado. Control de calidad EMS | ||
| 049 | _aBNPD | ||
| 999 |
_c41232 _d41232 |
||